| Tag |
First Indicator |
Second Indicator |
Subfields |
| LEADER |
00000cam a2200000 a 4500 |
| 001 |
in00000031382 |
| 005 |
20151007060416.0 |
| 008 |
871016s1988 nyu b 00100 eng |
| 010 |
|
|
|a 87028314
|
| 020 |
|
|
|a 0393025012 :
|c $19.95
|
| 035 |
|
|
|a (OCoLC)16923429
|
| 035 |
|
|
|9 AAC0781AM
|
| 040 |
|
|
|a DLC
|c DLC
|d TXA
|d UtOrBLW
|
| 043 |
|
|
|a n-us---
|
| 049 |
|
|
|a TXAM
|c [A11680624]
|
| 050 |
0 |
0 |
|a LC1756
|b .W655 1988
|
| 082 |
0 |
|
|a 378/.088042
|2 19
|
| 245 |
0 |
0 |
|a Women and higher education in American history :
|b essays from the Mount Holyoke College Sesquicentennial Symposia /
|c edited by John Mack Faragher and Florence Howe.
|
| 250 |
|
|
|a 1st ed.
|
| 264 |
|
1 |
|a New York :
|b Norton,
|c [1988]
|
| 264 |
|
4 |
|c ©1988
|
| 300 |
|
|
|a xviii, 220 pages ;
|c 22 cm.
|
| 336 |
|
|
|a text
|b txt
|2 rdacontent
|
| 337 |
|
|
|a unmediated
|b n
|2 rdamedia
|
| 338 |
|
|
|a volume
|b nc
|2 rdacarrier
|
| 504 |
|
|
|a Includes bibliographical references and index.
|
| 650 |
|
0 |
|a Women
|x Education (Higher)
|z United States
|x History.
|
| 700 |
1 |
|
|a Faragher, John Mack,
|d 1945-
|
| 700 |
1 |
|
|a Howe, Florence.
|
| 710 |
2 |
|
|a Mount Holyoke College.
|
| 999 |
|
|
|a MARS
|
| 999 |
f |
f |
|s 05a6bb29-eedf-3b8f-bcf1-66005663612b
|i f78c0877-e3e6-3f2e-9708-2d2ce2515dd8
|t 0
|
| 952 |
f |
f |
|p normal
|a Texas A&M University
|b College Station
|c Sterling C. Evans Library
|d Evans: Library Stacks
|t 0
|e LC1756 .W655 1988
|h Library of Congress classification
|i unmediated -- volume
|m A14811680624
|
| 998 |
f |
f |
|a LC1756 .W655 1988
|t 0
|l Evans: Library Stacks
|